| 000 | 00632 a2200169 4500 | ||
|---|---|---|---|
| 999 |
_c1294 _d1294 |
||
| 020 | _a9781412972123 | ||
| 050 | _aH62 PAT 2014 | ||
| 100 |
_aPatton, Michael Quinn _eauthor |
||
| 245 |
_aQualitative research and evaluation methods / _cMichael Quinn Patton |
||
| 250 | _a4th ed. | ||
| 264 |
_aThousand Oaks : _bSage Publications, _c2014 |
||
| 300 |
_axxi, 806p. : _bill. |
||
| 500 | _aRev. ed. of the author's Qualitative evaluation methods. Includes bibliographical references and index. | ||
| 650 |
_aSocial sciences _xMethodology |
||
| 650 | _aEvaluation research (Social action programs) | ||
| 942 |
_2lcc _cBK _e4th ed. _h62 _iPAT _kH |
||